We Love You Tecca - Lil Tecca - Statistics

General Stats
  • This quiz has been taken 16 times
  • The average score is 10 of 18
Answer Stats
Songs Plays Artists % Correct
Ransom 1,819,288,651 Lil Tecca
100%
Ransom - Remix 547,735,059 Lil Tecca, Juice WRLD
100%
Amigo 176,273,188 Lil Tecca
69%
Weatherman 21,033,354 Lil Tecca
69%
Love Me 664,777,210 Lil Tecca
63%
Bossanova 77,156,958 Lil Tecca
56%
Did It Again 528,927,839 Lil Tecca
56%
Left, Right 63,769,834 Lil Tecca
56%
Out Of Luck 89,648,266 Lil Tecca
56%
DUI 109,430,387 Lil Tecca
50%
Molly Girl 71,397,053 Lil Tecca
50%
Sidenote 50,624,675 Lil Tecca
50%
Phenom 20,009,742 Lil Tecca
44%
Shots 180,207,046 Lil Tecca
44%
Count Me Out 61,417,268 Lil Tecca
38%
The Score 25,498,915 Lil Tecca
38%
Glo Up 25,528,159 Lil Tecca
31%
Senorita 18,267,303 Lil Tecca
25%
No matching quizzes found
Score Distribution
Percent of People with Each Score
Percentile by Number Answered
Your Score History
You have not taken this quiz